000 00579cab a2200217 4500
001 WB3513-52
008 090401t1999 xxu||||| |||| 00| 0 eng d
035 _a(Sirsi) u92640
041 _aeng
245 _aAssignment
260 _c1999
350 _a0
490 _aEstates Gazette Case Summaries
_v[1999] EGCS 47 (3/4/99)
650 _aASSIGNMENT
650 _aCHANGE OF USE
650 _aMOSS BROS GROUP PLC V CSC PROPERTIES LTD
650 _aUNREASONABLE REFUSAL
690 _aLANDLORD AND TENANT-CASE LAW-BUSINESS TENANCIES
942 _n0
948 _c08/04/1999
999 _c58712
_d58712